Cuentos del Antiguo Egipto
Wedi'i Gadw mewn:
| Prif Awdur: | |
|---|---|
| Fformat: | Llyfr |
| Iaith: | Sbaeneg |
| Cyhoeddwyd: |
Barcelona
Alba
2001
|
| Rhifyn: | 1a. ed |
| Cyfres: | Primeros Clásicos
|
| Pynciau: | |
| Tagiau: |
Ychwanegu Tag
Dim Tagiau, Byddwch y cyntaf i dagio'r cofnod hwn!
|
MARC
| LEADER | 00000nam a2200000 a 4500 | ||
|---|---|---|---|
| 001 | UCG1327 | ||
| 003 | CL-VaPUC | ||
| 008 | 100429e20010000SP |||||||||||||||||spa|d | ||
| 020 | |a 848428123X | ||
| 082 | 0 | 4 | |a 9 |b GRE |2 21 |
| 100 | |a Green, Roger Lancelyn |e author |9 566838 | ||
| 245 | 1 | 0 | |a Cuentos del Antiguo Egipto |
| 250 | |a 1a. ed | ||
| 300 | |a 279 p | ||
| 942 | |c BK | ||
| 945 | |d 20100429 00:00:00 |a cmena | ||
| 260 | |a Barcelona |b Alba |c 2001 | ||
| 650 | 0 | |a Literatura infantil |9 307465 | |
| 650 | 0 | |a Cuentos ingleses |9 265135 | |
| 650 | 0 | |a Civilización egipcia |9 433926 | |
| 583 | |a last modification |c 20100429 00:00:00 |k Rodrigo Vera | ||
| 490 | 0 | |a Primeros Clásicos | |
| 999 | |c 340731 |d 340729 | ||
| 952 | |0 0 |1 0 |4 0 |6 9_000000000000000_GRE_2001 |7 0 |8 C |9 435709 |a BIBCUR |b BIBCUR |d 2019-11-22 |i 4669215 |l 2 |o 9 GRE 2001 |p 4669215 |r 2025-04-22 |s 2023-03-27 |w 2019-11-22 |y BK |k INF | ||